000 01176nam a2200241Ia 4500
003 Ost
005 20260507075108.0
008 260507s9999||||xx |||||||||||||| ||und||
020 _a60388099619
040 _cfsecg
041 _aara
082 _a330
100 _aهوام، جمعة
_eمؤلف
245 0 _a تقنيات المحاسبة المعمقة وفقا للدليل المحاسبي الوطني الجزء الأول /
_c جمعة هوام
250 _aطبعة 3
260 _aالجزائر:
_bديوان المطبوعات الجامعية,
_c2007
300 _a138 صفحة؛
_bإيضاحات ؛
_c23 سم
520 _aالفروض والمبادئ المحاسبية المتعارف عليها- الإستثمارات"دراسة محاسبية معمقة"- الإستثمارات المعنوية- الإستثمارات المادية- امتلاك الإستثمارات المادية- التنازل عن الإستثمارات المادية المخزون "دراسة محاسبية معمقة"
653 _aالمحاسبة
653 _aالمحاسبة المعمقة
653 _aالمخطط المحاسبي
942 _cكتاب
999 _c42831
_d42831